Представление документа в формате RUSMARC

ПолеНазваниеЗначение
  Тип записи a
  Библиографический уровень a
001 Контрольный номер 7d580e810585451590ae67fd921c1e4e
005 Дата корректировки 20250801143328.4
100 Данные общей обработки __
a Данные общей обработки 20250801 ||| 0rusy0189 ca
101 Язык документа 0_
a Язык текста rus
102 Страна публикации __
a Страна публикации RU
200 Заглавие и сведения об ответственности 1_
a Заглавие Спасение пернатых
f Первые сведения об ответственности В. Пахомова, Е. Исаева
e Сведения, относящиеся к заглавию [в каких случаях птицам нужна помощь, а когда вмешиваться не нужно]
461 Уровень набора _0
1 2000
a Тошка и компания
463 Уровень физической единицы _0
1 2000
a № 7
v С. 10-12 : фот.
1 2101
d 2025
1 001890c2de860e54d948de2175e75cb2c38
606 Тематические рубрики 0_
a Основная рубрика Птицы. Орнитология
610 Ключевые слова 0_
a Ключевые слова птицы, орнитология, птенцы, спасение птиц, слётки, реабилитационные центры для птиц
686 Индексы других классификаций __
a Классификационный индекс 28.693.35
700 Автор _1
a Фамилия Пахомова
b Имя (инициалы) В.
g Полное личное имя Вера
701 Альтернативная интеллектуальная ответственность _1
a Фамилия Исаева
b Имя (инициалы) Е.
g Полное личное имя Елена
801 Источник записи _0
a Страна RU
b Организация УОБДЮ
c Дата составления 20250801
g Правила каталогизации RCR
801 Источник записи _1
a Страна RU
b Организация УОБДЮ
c Дата составления 20250801
g Правила каталогизации RCR
901 Тип документа __
t Тип документа b
w Контрольный № источника 890c2de860e54d948de2175e75cb2c38
905 Данные по созданию БЗ __
b Логин пользователя, который создал БЗ ibo3